[Event "10th Malaysian Open"]
[Site "Kuala Lumpur MAS"]
[Date "2013.08.10"]
[Round "1.15"]
[White "Irwanto,S"]
[Black "Ajeet Singh,Roshan"]
[Result "1-0"]
[WhiteElo "2401"]
[BlackElo "2027"]

1.d4 f5 2.Nf3 Nf6 3.c4 g6 4.g3 Bg7 5.Bg2 O-O 6.O-O d6 7.Nc3 Qe8 8.d5 a5 9.Be3 Na6
10.Qd2 Bd7 11.h3 Rc8 12.Bh6 Nc5 13.Bxg7 Kxg7 14.Nd4 c6 15.dxc6 bxc6 16.Nb3 Nxb3
17.axb3 Rb8 18.Qc2 Qd8 19.Ra3 Qb6 20.e3 c5 21.Rfa1 Rfc8 22.Nd5 Nxd5 23.Bxd5 e6
24.Bg2 Bc6 25.Qc3+ e5 26.Bxc6 Rxc6 27.Rxa5 Qxb3 28.Ra7+ Kf6 29.Rxh7 Qxc3
30.bxc3 Rcc8 31.Raa7 Rf8 32.h4 Ra8 33.Rad7 Rad8 34.Rdg7 Rb8 35.Kg2 e4  1-0

[Event "HZ Open 2013"]
[Site "Vlissingen NED"]
[Date "2013.08.10"]
[Round "9.10"]
[White "Tiggelman,R"]
[Black "Reinderman,D"]
[Result "0-1"]
[WhiteElo "2285"]
[BlackElo "2598"]

1.d4 f5 2.g3 Nf6 3.Bg2 g6 4.Nf3 Bg7 5.O-O O-O 6.c4 d6 7.Nc3 e6 8.Qc2 Nc6
9.a3 Qe8 10.b4 e5 11.d5 Nd8 12.Bb2 e4 13.Nd4 Ng4 14.Nd1 Bd7 15.a4 c6 16.dxc6 Nxc6
17.Nxc6 Bxc6 18.Bxg7 Kxg7 19.b5 Bd7 20.c5 Qe5 21.Rc1 Rac8 22.Qd2 Rxc5 23.Rxc5 Qxc5
24.h3 Nf6 25.Ne3 Be6 26.Rc1 Qa3 27.Rc7+ Rf7 28.Qc2 d5 29.g4 fxg4 30.Nxg4 Nxg4
31.hxg4 Bxg4 32.Rxf7+ Kxf7 33.Qc7+ Qe7 34.Qf4+ Bf5 35.Bh3 Ke6 36.Bxf5+ gxf5
37.Qb8 b6 38.e3 d4 39.Qc8+ Kf6 40.exd4 f4 41.Kf1 f3 42.Qh8+ Qg7 43.Qd8+ Ke6
44.Qc8+ Kd5 45.Qc6+ Kxd4 46.Qd6+ Kc3 47.Qa3+ Kc2 48.Qa2+ Qb2 49.Qc4+ Qc3
50.Qa2+ Kd1 51.Qb1+ Kd2  0-1

[Event "SS Manhem IM 2013"]
[Site "Gothenburg SWE"]
[Date "2013.08.14"]
[Round "6.4"]
[White "Rahul Kumar,P"]
[Black "Westerberg,J"]
[Result "0-1"]
[WhiteElo "2194"]
[BlackElo "2413"]

1.Nf3 g6 2.d4 f5 3.g3 Nf6 4.Bg2 Bg7 5.O-O O-O 6.c4 d6 7.Nc3 c6 8.b3 Qa5 9.Qc2 e5
10.Bd2 Qc7 11.Rad1 e4 12.Ne1 Re8 13.Qc1 Qe7 14.Nc2 d5 15.c5 b6 16.b4 a5 17.Na4 bxc5
18.bxc5 Ba6 19.Rfe1 Nh5 20.Be3 Nd7 21.Qd2 Rf8 22.f4 Bb5 23.Nc3 Bc4 24.Na3 Ba6
25.Rb1 Nhf6 26.Rb2 Ng4 27.Nc2 Nxe3 28.Qxe3 Bf6 29.Na4 Rae8 30.Qa3 g5 31.Nb6 Nb8
32.fxg5 Bxg5 33.e3 h5 34.Bf1 Bxf1 35.Rxf1 h4 36.gxh4 Bxh4 37.Ne1 Bxe1 38.Rg2+ Kh8
39.Rxe1 Rg8 40.Re2 Qf6 41.Qc3 Qh4 42.Rg3 Rxg3+ 43.hxg3 Rg8 44.Rh2 Rxg3+ 45.Kh1 Rh3
46.Qd2 f4 47.Rxh3 Qxh3+ 48.Qh2 Qxh2+ 49.Kxh2 f3 50.Kg3 Kg7 51.Kf2 Kf7 52.Kg3 Ke7
53.Kf2 Nd7 54.Nc8+ Ke6 55.a4 Nf6 56.Nd6 Ng4+ 57.Ke1 Nxe3 58.Nb7 Nc4  0-1

[Event "12th Lichtenberger Sommer"]
[Site "Berlin GER"]
[Date "2013.08.22"]
[Round "6.48"]
[White "Ciolek,Andreas"]
[Black "Sidabras,Ignas"]
[Result "1/2-1/2"]
[WhiteElo "1888"]
[BlackElo "1690"]

1.d4 f5 2.g3 Nf6 3.Bg2 g6 4.Nf3 Bg7 5.O-O O-O 6.c4 d6 7.Nc3 Na6 8.Rb1 c5
9.d5 Bd7 10.e3 Rb8 11.Ne2 b5 12.cxb5 Bxb5 13.Ng5 Nc7 14.Re1 h6 15.Nh3 Ne4
16.f3 Nf6 17.Nc3 Bc4 18.e4 Nxe4 19.Nxe4 fxe4 20.fxe4 e5 21.b3 Ba6 22.Be3 Qd7
23.Qd2 Kh7 24.a4 Ne8 25.Nf2 Nf6 26.Bh3 Qe7 27.Rec1 Bc8 28.Bg2 Ng4 29.Nxg4 Bxg4
30.Qa5 Bf3 31.b4 Bxg2 32.Kxg2 Rxb4 33.Rxb4 cxb4 34.Qxb4 Qf6 35.Re1 Rc8 36.Re2 Qe7
37.Qa5 Rc7 38.Rb2 Rc4 39.Qxa7 Qxa7 40.Bxa7 Rxa4 41.Bb8 Bf8 42.Rf2 Kg7 43.Re2 Ra3
44.h3 Ra4 45.Kf3 Ra3+ 46.Re3 Rxe3+ 47.Kxe3 g5 48.Bc7 Kf7 49.Kf3 Be7 50.g4 Kg6
51.Bb6 Kf7 52.Bf2 Kg6 53.Kg2 Bd8 54.Kf1 Kf7 55.Ke2 Be7 56.Kd3 Ke8 57.Ke3 Kf7
58.Kf3 Kg6 59.Kg2 Bf6 60.h4 Be7 61.hxg5 hxg5 62.Kf3 Kf7 63.Ke3 Ke8 64.Kd3 Kd7
65.Kc4 Bd8 66.Kb5 Be7 67.Kb6 Bd8+ 68.Kb7 Be7 69.Bb6 Bf6  1/2-1/2

[Event "TCh-POR Div1 Final 2013"]
[Site "Matosinhos POR"]
[Date "2013.08.22"]
[Round "6.1"]
[White "Silva,Mi3"]
[Black "Valente,J"]
[Result "1-0"]
[WhiteElo "2111"]
[BlackElo "1663"]

1.Nf3 g6 2.g3 Bg7 3.Bg2 f5 4.d4 Nf6 5.O-O O-O 6.c4 d6 7.Nc3 Nc6 8.Rb1 Ne4
9.Nxe4 fxe4 10.Ng5 Nxd4 11.e3 Nc6 12.Qd5+ Kh8 13.Nf7+ Rxf7 14.Qxf7 Bf5 15.Qd5 Qd7
16.Bxe4 Be6 17.Qb5  1-0

[Event "12th Lichtenberger Sommer"]
[Site "Berlin GER"]
[Date "2013.08.24"]
[Round "8.81"]
[White "Landt,S"]
[Black "Moeller,Di"]
[Result "1-0"]
[WhiteElo "1929"]
[BlackElo "1649"]

1.d4 f5 2.Nf3 Nf6 3.g3 g6 4.Bg2 Bg7 5.O-O O-O 6.c4 d6 7.Nc3 c6 8.Re1 Qe8
9.d5 Bd7 10.e4 fxe4 11.Nxe4 Nxe4 12.Rxe4 Bf5 13.Re1 Na6 14.Nd4 Bd7 15.Bg5 Bf6
16.Bh6 Bg7 17.Qd2 Nc7 18.Bxg7 Kxg7 19.Re3 c5 20.Nf3 Rf6 21.Rae1 e5 22.dxe6 Nxe6
23.Qxd6 Qf7 24.Ne5 Nd4 25.Nxf7  1-0

[Event "11th Kesan Open"]
[Site "Edirne TUR"]
[Date "2013.08.27"]
[Round "2.15"]
[White "Sen,Ugur"]
[Black "Demir,Z"]
[Result "1/2-1/2"]
[WhiteElo "1609"]
[BlackElo "1952"]

1.d4 f5 2.Nf3 Nf6 3.g3 g6 4.Bg2 Bg7 5.O-O O-O 6.c4 d6 7.Nc3 c6 8.Re1 Ne4
9.Ng5 Nxg5 10.Bxg5 h6 11.Bc1 e5 12.d5 c5 13.e4 f4 14.Rb1 Qf6 15.f3 fxg3 16.hxg3 h5
17.Rf1 Nd7 18.a3 b6 19.Qa4 h4 20.g4 Nb8 21.Nb5 Bd7 22.Qb3 Na6 23.Bh3 Qe7
24.Bd2 Rf7 25.Rf2 g5 26.Rbf1 Bf6 27.Nc3 Nc7 28.Qc2 b5 29.b3 a5 30.a4 b4 31.Nd1 Ne8
32.Ne3 Ng7 33.Kg2 Raf8 34.Qd1 Ne8 35.Qc1 Nc7 36.Nd1 Na8 37.Nb2 Nb6 38.Be3 Kg7
39.Bd2 Bc8 40.Be3 Rg8 41.Bd2 Nd7 42.Be3 Nf8 43.Nd3 Ng6 44.Bd2 Nf4+ 45.Nxf4 exf4
46.Re2 Qe5 47.Rd1 Bd7 48.Qc2 Be8 49.Bc1 Re7 50.Bb2 Qxb2 51.Qxb2 Bxb2 52.Rxb2 Bg6
53.Re1 Kf6 54.Rd2 Rge8 55.Rde2 Re5 56.Kf2 R8e7 57.Kg2 Be8 58.Ra2 Bf7 59.Kf2 Re8
60.Rd2 R5e7 61.Rc2 Ke5 62.Rd2 Rc8 63.Rc1 Be8 64.Ra1 Bd7 65.Ke2 Rce8 66.Kd3 Rb8
67.Rg2 Be8 68.Rd2 Bg6 69.Re2 Kf6 70.Kd2 Rf8 71.Rae1 Rfe8 72.Kd3 Re5 73.Rf1 Bf7
74.Rfe1 R8e7 75.Kd2 Kg7 76.Kd3 Bg6 77.Rf1 Be8 78.Ra1 Bd7 79.Kd2 Bc8 80.Rae1 Bb7
81.Kd3 Kf6 82.Kd2 Bc8 83.Kd3 Bd7 84.Ra1 Be8 85.Kd2 Bg6 86.Rae1 Kf7 87.Kd3 Kg7
88.Kd2 Bxe4 89.Rxe4 Rxe4 90.Rxe4 Rxe4 91.fxe4 Kf6 92.Kd3 Ke5 93.Bg2 f3 94.Bxf3 Kf4
95.Ke2 Ke5 96.Ke3 Kf6 97.Bh1 Ke5 98.Bf3  1/2-1/2

[Event "13th Zug Young Masters"]
[Site "Zug SUI"]
[Date "2013.08.28"]
[Round "2.2"]
[White "Prohaszka,P2"]
[Black "Georgiadis,N"]
[Result "1/2-1/2"]
[WhiteElo "2567"]
[BlackElo "2396"]

1.d4 f5 2.Nf3 Nf6 3.g3 g6 4.Bg2 Bg7 5.O-O O-O 6.c4 d6 7.Nc3 Qe8 8.d5 a5 9.Be3 h6
10.Rb1 g5 11.c5  1/2-1/2

[Event "20th Graz Open 2013"]
[Site "Graz AUT"]
[Date "2013.08.29"]
[Round "6.8"]
[White "Nickl,K"]
[Black "Matosec,T"]
[Result "1/2-1/2"]
[WhiteElo "2109"]
[BlackElo "2101"]

1.d4 f5 2.Nf3 Nf6 3.g3 g6 4.Bg2 Bg7 5.O-O O-O 6.c4 d6 7.d5 Nbd7 8.Nc3 Ne5
9.Nxe5 dxe5 10.e4 f4 11.gxf4 exf4 12.f3 g5 13.Bd2 Qd6 14.Qe2 a6 15.Be1 Nd7
16.Bf2 Ne5 17.Rad1 g4 18.Bd4 gxf3 19.Bxf3 Bh3 20.Rf2 Nxf3+ 21.Rxf3 Qg6+ 22.Kh1 Bxd4
23.Rxh3 Bg7 24.Rf1 Rf7 25.b4 Bd4 26.Qg2 Qxg2+ 27.Kxg2 Rg7+ 28.Kh1 Rf8 29.Ne2 Be3
30.Rhf3 Rg4 31.Ng3 Rf6 32.Nf5 Rxf5 33.exf5 Kf7 34.h3 Rh4 35.Kg2 Kf6 36.a4 Ke5
37.f6 exf6 38.Rd1 Ke4 39.Rff1 Rh5 40.d6 Rg5+ 41.Kh2 cxd6 42.Rxd6 a5 43.bxa5  1/2-1/2

[Event "10th LGA Premium Cup GpA"]
[Site "Nuernberg GER"]
[Date "2013.09.07"]
[Round "5.2"]
[White "Ftacnik,L"]
[Black "Berelowitsch,A"]
[Result "1/2-1/2"]
[WhiteElo "2550"]
[BlackElo "2543"]

1.Nf3 f5 2.d4 Nf6 3.g3 g6 4.Bg2 Bg7 5.O-O O-O 6.c4 d6 7.Nc3 Qe8 8.d5 Na6
9.Be3 Bd7 10.Rc1 c5 11.Qd2 Nc7 12.Bh6 Qf7 13.Bxg7 Qxg7 14.Rfe1 b5 15.cxb5 Nxb5
16.Nxb5 Bxb5 17.Ng5 Bd7 18.b4 cxb4 19.Qxb4 a5 20.Qd2 a4 21.e4 h6 22.Ne6 Bxe6
23.dxe6 Nxe4 24.Bxe4 fxe4 25.Rxe4 Rf3 26.Re3 Rf5 27.Rec3 Kh7 28.Rc8 Rxc8
29.Rxc8 Qe5 30.Ra8 Qe4 31.Ra7 Qb1+ 32.Kg2 Qe4+ 33.Kg1 Qb1+ 34.Kg2 Qe4+  1/2-1/2

[Event "12th Kesarovski Mem"]
[Site "Sunny Beach BUL"]
[Date "2013.09.08"]
[Round "9.11"]
[White "Zakharchenko,A"]
[Black "Collas,D"]
[Result "1/2-1/2"]
[WhiteElo "2179"]
[BlackElo "2396"]

1.c4 f5 2.d4 Nf6 3.g3 g6 4.Bg2 Bg7 5.Nf3 O-O 6.O-O d6 7.Nc3 c6 8.d5 e5 9.dxe6 Bxe6
10.Qd3 Na6 11.Ng5 Bf7 12.Bf4 d5 13.Nxf7 Rxf7 14.cxd5 Nb4 15.Qc4 Nbxd5 16.Rad1 Kh8
17.Bxd5 cxd5 18.Nxd5 Rd7 19.Nc3 Rc8 20.Qb3 Qg8 21.Qa4 Rxd1 22.Rxd1 a6 23.Be5 Qe6
24.Qd4 Kg8 25.Nd5 Qxd5 26.Qxd5+ Nxd5 27.Bxg7 Kxg7 28.Rxd5 Rc2 29.Rd7+ Kh6
30.Rxb7 Rxe2 31.a4 a5 32.Kg2 g5 33.h3 g4 34.hxg4 fxg4 35.Kf1 Rc2 36.b4 Rc4
37.Ke2 axb4 38.Kd3 Rc3+ 39.Kd4 Rf3 40.Rxb4 Rxf2 41.Kc5 Kg5 42.a5 Rf3 43.a6 Rxg3
44.Ra4 Rc3+ 45.Kb6 Rc8 46.Kb7 Rf8 47.a7 g3 48.Ra5+ Kg4 49.Ra4+ Kf3 50.Ra3+ Kf2
51.Ra2+ Kf1 52.Ra1+ Kf2 53.Ra2+ Kg1  1/2-1/2

[Event "TCh-SUI 2013"]
[Site "Switzerland SUI"]
[Date "2013.09.08"]
[Round "7.2"]
[White "Bogner,S"]
[Black "Jussupow,Ar"]
[Result "1/2-1/2"]
[WhiteElo "2548"]
[BlackElo "2587"]

1.Nf3 f5 2.d4 Nf6 3.g3 g6 4.Bg2 Bg7 5.O-O O-O 6.c4 d6 7.Nc3 Qe8 8.Re1 Qf7
9.b3 Ne4 10.Bb2 Nd7 11.Qc2 Ndf6 12.e3 c6 13.Nd2 d5 14.Nf3 Be6 15.Ne5 Qe8
16.Ne2 g5 17.f3 Nd6 18.c5 Nf7 19.b4 Rd8 20.h4 gxh4 21.Nf4 Bc8 22.gxh4 Nxe5
23.dxe5 Nh5 24.Nxh5 Qxh5 25.f4 Kh8 26.Qf2 Rg8 27.Kh2 e6 28.Bf3 Qf7 29.Rg1 Bh6
30.Bc3 Rxg1 31.Rxg1 Rg8 32.Rb1 Bf8 33.Rg1  1/2-1/2

[Event "FSFMA Sept 2013"]
[Site "Budapest HUN"]
[Date "2013.09.15"]
[Round "7.2"]
[White "Hocevar,N"]
[Black "Bodi,Ti"]
[Result "0-1"]
[WhiteElo "2018"]
[BlackElo "2035"]

1.d4 f5 2.g3 Nf6 3.Bg2 g6 4.Nf3 Bg7 5.c4 O-O 6.O-O d6 7.Nc3 c6 8.d5 c5 9.Ng5 h6
10.Ne6 Bxe6 11.dxe6 Nc6 12.Nd5 Nxd5 13.cxd5 Ne5 14.Qc2 a6 15.a4 b5 16.f4 Nc4
17.e3 Na5 18.Bd2 Qb6 19.Rad1 Rac8  0-1

[Event "FSGM Sept 2013"]
[Site "Budapest HUN"]
[Date "2013.09.17"]
[Round "9.2"]
[White "Lizak,P"]
[Black "Kislik,E"]
[Result "1/2-1/2"]
[WhiteElo "2408"]
[BlackElo "2368"]

1.d4 f5 2.g3 Nf6 3.Bg2 g6 4.Nf3 Bg7 5.O-O O-O 6.c4 d6 7.Nc3 Nc6 8.d5 Ne5
9.Nxe5 dxe5 10.Qb3 e6 11.Rd1 Qe7 12.Bg5 e4 13.Nb5 Rd8 14.Qa3 Rd7 15.d6 cxd6
16.Rxd6 Rxd6 17.Nxd6 h6 18.Bd2 Ne8  1/2-1/2

[Event "Pankrac Cup 2013"]
[Site "Prague CZE"]
[Date "2013.09.17"]
[Round "2"]
[White "Sodoma,J"]
[Black "Vanek,T"]
[Result "1/2-1/2"]
[WhiteElo "2344"]
[BlackElo "2229"]

1.d4 f5 2.Nf3 Nf6 3.g3 g6 4.Bg2 Bg7 5.O-O O-O 6.c4 d6 7.Nc3 c6 8.Qb3 e6 9.Re1 Ne4
10.Be3 Nxc3 11.Qxc3 Nd7 12.Bf4 e5 13.dxe5 Qe8 14.e4 dxe5  1/2-1/2

[Event "63rd TCh-BUL GpB 2013"]
[Site "Sunny Beach BUL"]
[Date "2013.09.19"]
[Round "1.5"]
[White "Yotov,Y"]
[Black "Ivanov,Ivelin"]
[Result "1-0"]
[WhiteElo "2049"]
[BlackElo "2116"]

1.d4 f5 2.Nf3 g6 3.g3 Nf6 4.Bg2 Bg7 5.O-O O-O 6.c4 d6 7.Nc3 Nc6 8.e3 h6 9.b3 a6
10.Bb2 Qe8 11.d5 Nd8 12.Nd4 c5 13.Nde2 g5 14.h3 Qh5 15.f4 Rb8 16.a4 Ne4 17.Rb1 gxf4
18.exf4 Nf6 19.Qd3 Nf7 20.Rf3 b5 21.axb5 axb5 22.Nxb5 Rb7 23.Re3 Ne4 24.Bxg7 Kxg7
25.g4 Qg6 26.Bxe4 fxe4 27.Qxe4 Qf6 28.Ng3 Qg6 29.Qxg6+ Kxg6 30.Rbe1 Re8 31.Kg2 Rd7
32.Nf5 Ba6 33.Re6+ Kh7 34.Rxe7 Rexe7 35.Rxe7 Bc8  1-0

[Event "Caissa IM September 2013"]
[Site "Kecskemet HUN"]
[Date "2013.09.21"]
[Round "1.2"]
[White "Kojima,S"]
[Black "Lyell,M"]
[Result "0-1"]
[WhiteElo "2357"]
[BlackElo "2220"]

1.Nf3 f5 2.d4 Nf6 3.g3 g6 4.Bg2 Bg7 5.O-O O-O 6.c4 d6 7.Nc3 e6 8.b3 Ne4 9.Bb2 Nxc3
10.Bxc3 Nc6 11.b4 Qe7 12.b5 Nd8 13.Qb3 Nf7 14.Rad1 Re8 15.Qb2 e5 16.dxe5 dxe5
17.Ne1 a6 18.a4 axb5 19.axb5 Ra4 20.Bd5 Be6 21.Nc2 Bxd5 22.cxd5 Nd6 23.Ra1 Re4
24.e3 f4 25.Bb4 f3 26.Rfc1 Rc4 27.Qb3 Qd7 28.Kh1 Qh3 29.Rg1 Ne4 30.Raf1 Rxc2
31.d6+ Kh8 32.d7 Qxd7 33.Qxc2 Nf6 34.Qc4 e4 35.Bc3 Ng4 36.Bxg7+ Kxg7 37.Qc3+ Kh6
38.Qc5 b6 39.Qc6 Qxc6 40.bxc6 Re5 41.h4 Rd5 42.Ra1 Nxf2+ 43.Kh2 Ng4+ 44.Kh3 Nxe3
45.Rge1 Nc2 46.Rad1 Rxd1 47.Rxd1 f2 48.g4 Ne3 49.g5+ Kh5 50.Rg1 fxg1=R  0-1

[Event "63rd TCh-BUL GpB 2013"]
[Site "Sunny Beach BUL"]
[Date "2013.09.22"]
[Round "5.5"]
[White "Genov,Petk"]
[Black "Naydenov,Nayden"]
[Result "1/2-1/2"]
[WhiteElo "2311"]
[BlackElo "2010"]

1.d4 f5 2.g3 g6 3.Bg2 Nf6 4.Nf3 Bg7 5.O-O O-O 6.c4 d6 7.Nc3 c6 8.d5 e5 9.dxe6 Bxe6
10.Qd3 h6 11.Bf4 Ne8 12.Rfd1 Na6 13.Nd4 Bf7 14.b3 Nc5 15.Qd2 Qa5 16.e4 g5
17.Be3 fxe4 18.Nxe4 Qxd2 19.Rxd2 Nxe4 20.Bxe4 Nf6 21.Bf3 d5 22.Nf5 dxc4 23.bxc4 Bxc4
24.Rb1 Ba6 25.Bc5 Rfd8 26.Rxd8+ Rxd8 27.Nxg7 Kxg7 28.Bxa7 Rd2 29.Ra1 Bc4
30.a4 Bd5 31.Bxd5 Rxd5 32.Rb1 Ra5 33.Rxb7+ Kg6  1/2-1/2

[Event "Oslo Int Open 2013"]
[Site "Oslo NOR"]
[Date "2013.09.29"]
[Round "8"]
[White "Lillevold,F"]
[Black "Bjerke,R"]
[Result "1-0"]
[WhiteElo "2161"]
[BlackElo "2173"]

1.d4 f5 2.g3 Nf6 3.Bg2 g6 4.Nf3 Bg7 5.O-O O-O 6.c4 d6 7.Nc3 c6 8.d5 e5 9.dxe6 Bxe6
10.b3 Qe7 11.Bb2 Na6 12.Re1 Ne4 13.Qc1 d5 14.cxd5 cxd5 15.Nxe4 dxe4 16.Bxg7 Qxg7
17.Ng5 Qe5 18.Nxe6 Qxe6 19.Qf4 Nb4 20.Red1 Rad8 21.Rxd8 Rxd8 22.Qc7 Qd5 23.Bf1 Na6
24.Qe7 Qd7 25.Qg5 Kg7 26.h4 h6 27.Qc1 Qd2 28.e3 Nb4 29.Qc7+ Rd7 30.Qe5+ Kh7
31.h5 Qd6 32.hxg6+ Qxg6 33.Rc1 Nc6 34.Qf4 Qg5 35.Rc5 Qxf4 36.gxf4 Kg6 37.Rxf5 Rd2
38.Rb5 b6 39.a4 Rd1 40.Kg2 Ne7 41.Be2 Re1 42.Bg4 Ng8 43.Bf5+  1-0

[Event "Lichtenrader Herbst 2013"]
[Site "Berlin GER"]
[Date "2013.10.03"]
[Round "6.19"]
[White "Sappok,Marius"]
[Black "Rettore,L"]
[Result "0-1"]
[WhiteElo "1991"]
[BlackElo "2113"]

1.d4 f5 2.g3 Nf6 3.Bg2 g6 4.Nf3 Bg7 5.O-O O-O 6.c4 d6 7.Nc3 Nc6 8.d5 Na5
9.Qd3 c5 10.Ng5 a6 11.Ne6 Bxe6 12.dxe6 Rb8 13.Rb1 Nc6 14.e3 Qc8 15.Nd5 Qxe6
16.Nc7 Qc8 17.Bd5+ Nxd5 18.Qxd5+ Kh8 19.Ne6 Nb4  0-1

[Event "Lichtenrader Herbst 2013"]
[Site "Berlin GER"]
[Date "2013.10.05"]
[Round "8.8"]
[White "Cusnariov,N"]
[Black "Schnabel,R"]
[Result "0-1"]
[WhiteElo "2148"]
[BlackElo "2228"]

1.d4 f5 2.Nf3 Nf6 3.g3 g6 4.Bg2 Bg7 5.O-O O-O 6.c4 d6 7.Nc3 Qe8 8.d5 c5 9.Qc2 Na6
10.a3 h6 11.b3 Bd7 12.Ra2 Nc7 13.Re1 b5 14.e4 b4 15.axb4 cxb4 16.Ne2 Nxe4
17.Ned4 a5 18.Bb2 a4 19.bxa4 Rxa4 20.Rxa4 Bxa4 21.Qb1 Bd7 22.Nc2 Qf7 23.Bxg7 Qxg7
24.Qxb4 Na6 25.Qa3 Nac5 26.Qa1 Rc8 27.Qxg7+ Kxg7 28.Bf1 Kf6 29.Nfd4 Na4 30.Ra1 Nd2
31.Ne3 Nb6 32.Rc1 Kg5 33.Ndc2 Nxf1 34.Kxf1 Nxc4 35.Ra1 Bb5 36.Kg2 Nxe3+ 37.Nxe3 Rc5
38.Ra8 Kf6 39.h4 h5 40.Rf8+ Kg7 41.Rb8 Bc4 42.Nxc4 Rxc4 43.Rb1 Rd4 44.Rb5 f4
45.Kf3 fxg3 46.fxg3 Kf6 47.Ke3 Ke5 48.Rb7 Re4+ 49.Kf3 Kf5 50.Ra7 Re5 51.Rb7 Kf6
52.Rb5 e6 53.Rb6 Rxd5  0-1

[Event "23rd EYCC Open U16 2013"]
[Site "Budva MNE"]
[Date "2013.10.05"]
[Round "6.11"]
[White "Dastan,B"]
[Black "Abal Cores,L"]
[Result "1-0"]
[WhiteElo "2455"]
[BlackElo "2130"]

1.Nf3 f5 2.g3 Nf6 3.Bg2 g6 4.O-O Bg7 5.d4 O-O 6.c4 d6 7.Nc3 c6 8.Re1 Qe8
9.e4 fxe4 10.Nxe4 Nxe4 11.Rxe4 Bf5 12.Re3 Nd7 13.h3 e5 14.b3 Qf7 15.Re2 exd4
16.Nxd4 Nc5 17.Nxf5 Qxf5 18.Bb2 Bxb2 19.Rxb2 Nd3 20.Re2 Rae8 21.Rxe8 Rxe8
22.Qd2 Rf8 23.Rf1 g5 24.Qe3 Ne5 25.Qxa7 h5 26.Qxb7 h4 27.Qe7 Rf7 28.Qxd6 Rd7
29.Qb8+ Kg7 30.Re1 Nd3 31.Re2 Qc5 32.Qe8 Rf7 33.Qe3 Qf5 34.Be4 Qxh3 35.Bxd3 hxg3
36.Qxg3 Qh5 37.Re5 Qd1+ 38.Kg2  1-0

[Event "3rd Central Asia Cup"]
[Site "Dushanbe TJK"]
[Date "2013.10.14"]
[Round "3.11"]
[White "Ismailov,Timur"]
[Black "Ilhomzoda,I"]
[Result "1-0"]
[WhiteElo "2027"]
[BlackElo "2212"]

1.c4 f5 2.d4 Nf6 3.Nf3 g6 4.g3 Bg7 5.Bg2 O-O 6.O-O d6 7.Nc3 Qe8 8.d5 c6 9.Nd4 Bd7
10.Qb3 Na6 11.Qxb7 Nc5 12.Qb4 cxd5 13.Nxd5 Rb8 14.Nxf6+ Bxf6 15.Qd2 e5 16.Nc2 e4
17.Rb1 Na4 18.Ne3 Bc6 19.b3 Nc3 20.Rb2 d5 21.cxd5 Bb5 22.Re1 Qd7 23.Rc2 Rbc8
24.Bb2 Qg7 25.Nc4 Bxc4 26.Bxc3 Ba6 27.Bxf6 Qxf6 28.Rec1 Rxc2 29.Rxc2 Rd8
30.f3 Qe5 31.fxe4 fxe4 32.Qe3 Rxd5 33.Qxe4 Rd1+ 34.Kf2 Qf6+ 35.Qf3 Qd4+ 36.Qe3 Qxe3+
37.Kxe3 Rd7 38.Rd2 Re7+ 39.Kf2 Bb7 40.Bxb7 Rxb7 41.Rd6 Kf7 42.e4 a5 43.Ra6 Rb5
44.Ra7+ Kf6 45.Rxh7 Rc5 46.e5+ Kxe5 47.Re7+ Kd4 48.h4 Rc2+ 49.Re2 Rc3 50.Rb2 Ke5
51.Kg2 Kf5 52.Kh3 Rd3 53.Rf2+ Ke6 54.Rf4 Rd5 55.Kg4 Rd3 56.Ra4 Rd5 57.a3 Kf6
58.b4 Rd4+ 59.Kh3 axb4 60.Rxb4 Rd5 61.a4 Ra5 62.Kg2 g5 63.Rb5 Rxa4 64.Rxg5 Ra3
65.Kh3 Ra4 66.Rb5 Kg6 67.Rb6+ Kg7 68.h5 Kh7 69.g4 Rc4 70.Kh4 Rc5 71.Rb7+ Kg8
72.h6 Rc8 73.Kh5 Ra8 74.g5 Ra5 75.Re7 Rb5 76.Kg6 Rb6+ 77.Kf5 Rb5+ 78.Kf6 Rb6+
79.Re6 Rb1 80.Re8+  1-0

[Event "Pankrac Cup 2013"]
[Site "Prague CZE"]
[Date "2013.10.15"]
[Round "6"]
[White "Haba,Z"]
[Black "Vanek,T"]
[Result "1/2-1/2"]
[WhiteElo "2244"]
[BlackElo "2229"]

1.d4 f5 2.g3 Nf6 3.Bg2 g6 4.Nf3 Bg7 5.O-O O-O 6.c4 d6 7.b3 Ne4 8.Bb2 Nc6
9.Nbd2 Nxd2 10.Qxd2 e5 11.dxe5 dxe5 12.Qd5+ Kh8 13.Qxd8 Rxd8 14.Ng5 Rf8 15.Bxc6 bxc6
16.Rad1 h6 17.Nf3 Re8 18.Rd2 a5 19.Rfd1 Bf6 20.Bxe5 Rxe5  1/2-1/2

[Event "TCh-Belgrade Premier liga 2013"]
[Site "Belgrade SRB"]
[Date "2013.10.22"]
[Round "11.6"]
[White "Pucarevic,M"]
[Black "Orlov,Pa"]
[Result "0-1"]
[WhiteElo "2198"]
[BlackElo "2242"]

1.d4 f5 2.c4 Nf6 3.Nf3 g6 4.g3 Bg7 5.Bg2 O-O 6.O-O d6 7.Nc3 Nc6 8.b3 e5 9.d5 Ne7
10.e3 h6 11.Ba3 b6 12.Rc1 g5 13.b4 Ng6 14.Qc2 a5 15.bxa5 Rxa5 16.Bb4 Ra8
17.a4 Qe8 18.Ra1 g4 19.Nd2 e4 20.Nb5 Qf7 21.Bc3 Ne5 22.Rfd1 Nh7 23.a5 bxa5
24.Rxa5 Rb8 25.Bxe5 Bxe5 26.Ra7 Rb7 27.Qa4 Ng5 28.Qa5 f4 29.exf4 Bxf4 30.gxf4 Qxf4
31.Rf1 Nf3+ 32.Bxf3 gxf3 33.Kh1 Bh3 34.Rg1+ Bg2+ 35.Rxg2+ fxg2+ 36.Kxg2 Qxf2+
37.Kh1 Qe1+ 38.Kg2 Rf2+  0-1

[Event "14th Liberec Open"]
[Site "Liberec CZE"]
[Date "2013.10.29"]
[Round "5.3"]
[White "Cip,D"]
[Black "Bartos,J"]
[Result "1/2-1/2"]
[WhiteElo "2088"]
[BlackElo "2259"]

1.d4 f5 2.g3 Nf6 3.Bg2 g6 4.Nf3 Bg7 5.O-O O-O 6.c4 d6 7.Nc3 Nc6 8.d5 Na5
9.Qa4 c5 10.dxc6 Nxc6 11.Rd1 Ne4 12.Bd2 Qb6 13.Be3 Qxb2 14.Nxe4 fxe4 15.Rab1 Qf6
16.Ng5 Ne5 17.Nxe4 Qf5 18.c5 Qh5 19.cxd6 exd6 20.Qb3+ Kh8 21.Nxd6 Bh3 22.f3 Rf6
23.Ne4 Rxf3 24.exf3 Nxf3+ 25.Kf2 Rf8 26.Bf4 Nxh2 27.Bf3 Nxf3 28.Qxf3 Bg4
29.Qh1  1/2-1/2

[Event "e2e4 Gatwick Nov Open"]
[Site "Crawley ENG"]
[Date "2013.11.02"]
[Round "3"]
[White "Kalaiyalahan,Akshaya"]
[Black "Dydak,Mateusz"]
[Result "1/2-1/2"]
[WhiteElo "1983"]
[BlackElo "1904"]

1.d4 f5 2.Nf3 Nf6 3.c4 g6 4.g3 Bg7 5.Bg2 O-O 6.O-O d6 7.Nc3 Qe8 8.Bf4 c6
9.d5 Nh5 10.Bd2 f4 11.Rc1 Na6 12.a3 Bg4 13.b4 e5 14.Ne4 Rd8 15.Bc3 Nf6 16.Nfd2 Nxe4
17.Nxe4 fxg3 18.hxg3 cxd5 19.cxd5 Qd7 20.Qd2 Nc7 21.Bb2 Ne8 22.Rc4 h6 23.f3 Bh3
24.Nf2 Bxg2 25.Kxg2 Nf6 26.e4 Rc8 27.Rfc1 Rxc4 28.Rxc4 Qe7 29.Qc3 Ne8 30.Qe3 a6
31.Rc3 g5 32.a4 Qd7 33.Ra3 Nf6 34.g4 Rc8 35.Bc3 Bf8 36.Nh1 Ne8 37.Ng3 Ng7
38.Qe1 Qc7 39.Qh1 Kh7 40.Qf1 Be7 41.b5 a5 42.Rb3 Bd8 43.Ne2 Qc4 44.Ra3 Bb6
45.Bxe5 Qb4 46.Rc3 Rxc3 47.Bxc3 Qxa4 48.Qb1 Qc4 49.Qb2 Ne8 50.Qc2 Kg8 51.e5 dxe5
52.Qg6+ Ng7 53.Qxb6 Qxe2+ 54.Kg3 e4 55.Qf6 Qxf3+ 56.Qxf3 exf3 57.Kxf3 a4
58.d6 Ne6 59.Ke4 Kf7 60.Bb4 Nf8 61.Kd5 Nd7 62.Ba3 Nf6+ 63.Kc5 Nd7+ 64.Kb4 Ke6
65.Kxa4 b6 66.Bb2 Kxd6 67.Bg7 Ne5 68.Bxh6 Nxg4 69.Bxg5 Kc7 70.Kb4 Kb7 71.Kc4  1/2-1/2

[Event "e2e4 Gatwick Nov Open"]
[Site "Crawley ENG"]
[Date "2013.11.03"]
[Round "4"]
[White "Kalavannan,Koby"]
[Black "Kemp,Pe"]
[Result "0-1"]
[WhiteElo "1812"]
[BlackElo "2164"]

1.d4 f5 2.Nf3 Nf6 3.g3 g6 4.Bg2 Bg7 5.O-O O-O 6.c4 d6 7.Nc3 Qe8 8.Qc2 c6
9.b3 Na6 10.a3 Bd7 11.Bb2 b5 12.cxb5 cxb5 13.b4 Rc8 14.Qb3+ e6 15.d5 e5 16.Ng5 Nc7
17.e4 h6 18.Nf3 Qf7 19.Nd2 Nh5 20.f3 Na8 21.Qd1 Bf6 22.Qe2 Qe8 23.Rac1 Bd8
24.Nb3 Nb6 25.Na5 Nc4 26.Nxc4 Rxc4 27.Na2 Bb6+ 28.Kh1 g5 29.Bh3 fxe4 30.Bxd7 Qxd7
31.f4 Qh3 32.Qg2 Qxg2+ 33.Kxg2 gxf4 34.Rxc4 bxc4 35.Rc1 f3+ 36.Kf1 e3 37.Nc3 Bd4
38.Ba1 Nf6 39.Nb5 Bxa1 40.Rxa1 Ne4 41.Nxa7 Nd2+ 42.Ke1 c3 43.b5 f2+ 44.Ke2 f1=Q+
45.Rxf1 Nxf1  0-1

[Event "e2e4 Gatwick Nov Open"]
[Site "Crawley ENG"]
[Date "2013.11.03"]
[Round "5"]
[White "Hebden,M"]
[Black "Sowray,P"]
[Result "1-0"]
[WhiteElo "2556"]
[BlackElo "2323"]

1.d4 f5 2.Nf3 Nf6 3.g3 g6 4.Bg2 Bg7 5.O-O O-O 6.c4 d6 7.Nc3 Qe8 8.d5 Na6
9.Be3 c6 10.Qd2 Ng4 11.Bd4 Bh6 12.Ng5 c5 13.Be3 Nxe3 14.Qxe3 Nc7 15.f4 Bg7
16.Qd3 Bd7 17.Rae1 h6 18.Nf3 b5 19.b3 bxc4 20.bxc4 Qf7 21.e4 fxe4 22.Nxe4 Rab8
23.Qa3 Rb7 24.Nxc5 dxc5 25.Ne5 Bxe5 26.fxe5 Qe8 27.Rxf8+ Kxf8 28.d6 Bc6 29.dxc7 Bxg2
30.Kxg2 Rxc7 31.e6 Qc6+ 32.Kh3 Rb7 33.Qe3 Kg7 34.Qe5+ Kg8 35.Rf1  1-0

[Event "4th Brno Open 2013"]
[Site "Brno CZE"]
[Date "2013.11.18"]
[Round "4.9"]
[White "Veznik,Michael"]
[Black "Golcman,E"]
[Result "1/2-1/2"]
[WhiteElo "1874"]
[BlackElo "2209"]

1.Nf3 f5 2.g3 g6 3.Bg2 Bg7 4.O-O Nf6 5.c4 O-O 6.d4 d6 7.Nc3 Nc6 8.Rb1 e5
9.d5 Ne7 10.b4 h6 11.Qb3 g5 12.Rd1 Ng6 13.c5 g4 14.Nd2 h5 15.Nc4 h4 16.Bg5 hxg3
17.hxg3 Rf7 18.e3 Qf8 19.Bxf6 Bxf6 20.cxd6 cxd6 21.Nb5 Rd7 22.Qc2 Bd8 23.Rbc1 a6
24.Qa4 Rb8 25.Nbxd6 b5 26.Qc2 Rc7 27.Qb3 bxc4 28.Nxc4 Rxb4 29.Qd3 e4 30.Qe2 a5
31.a3 Rbxc4 32.Rxc4 Ba6 33.d6 Rxc4 34.Qa2 Kg7 35.Bf1 Rc6 36.Qd5 Rb6 37.Bxa6 Qf7
38.Qa8 Qf6 39.Qa7+ Kh6 40.Kg2 Rxd6 41.Rh1+ Kg5 42.Qh7 Qe7 43.Qh5+ Kf6 44.Bc8 Rd5
45.Rc1 Rc5 46.Bxf5 Rxc1 47.Qxg6+ Ke5 48.Qxg4 Kd5 49.Qe2 Qc5 50.Qd2+ Ke5 51.g4 Bh4
52.Qd7 Qc4 53.Qe8+ Kd6 54.Qd7+ Kc5 55.Qc7+ Kd5 56.Qd7+ Ke5 57.Qe8+  1/2-1/2